00267nam a2200097Ia 4500008004100000041000800041100003000049245003600079260003500115999001900150241105s9999 xx 000 0 und d aeng aMadkaiker Krutika9182573 aCentre For Folk Performing Arts bFinal Year B. Arch, BNCAc2014 c360864d360864